Introduction to Islam (Record no. 62679)

000 -LEADER
fixed length control field 00488nam a22001937a 4500
003 - CONTROL NUMBER IDENTIFIER
control field NUST - PNEC
005 - DATE AND TIME OF LATEST TRANSACTION
control field 20170116180754.0
008 - FIXED-LENGTH DATA ELEMENTS--GENERAL INFORMATION
fixed length control field 150331b xxu||||| |||| 00| 0 eng d
020 ## - INTERNATIONAL STANDARD BOOK NUMBER
International Standard Book Number -
040 ## - CATALOGING SOURCE
Transcribing agency LIBRARY
082 ## - DEWEY DECIMAL CLASSIFICATION NUMBER
Classification number 297 HAM
100 ## - MAIN ENTRY--PERSONAL NAME
9 (RLIN) 1956
Personal name Hamidullah Dr.
245 ## - TITLE STATEMENT
Title Introduction to Islam
Statement of responsibility, etc. Dr. Hamidullah
250 ## - EDITION STATEMENT
Edition statement -
260 ## - PUBLICATION, DISTRIBUTION, ETC.
Place of publication, distribution, etc. Karachi:
Name of publisher, distributor, etc. Islamic Publishing House,
Date of publication, distribution, etc. c1991.
300 ## - PHYSICAL DESCRIPTION
Extent 259 p. :
Dimensions 20 cm.
650 ## - SUBJECT ADDED ENTRY--TOPICAL TERM
9 (RLIN) 1959
Topical term or geographic name entry element Islam
General subdivision General
942 ## - ADDED ENTRY ELEMENTS (KOHA)
Source of classification or shelving scheme
Koha item type Book
Holdings
Withdrawn status Lost status Source of classification or shelving scheme Damaged status Not for loan Permanent Location Current Location Shelving location Date acquired Source of acquisition Cost, normal purchase price Total Checkouts Full call number Barcode Date last seen Cost, replacement price Price effective from Koha item type
          Pakistan Navy Engineering College (PNEC) Pakistan Navy Engineering College (PNEC)     - 100.00   297 HAM PNECLIB-005669 04/18/2015 100.00   Book
          Pakistan Navy Engineering College (PNEC) Pakistan Navy Engineering College (PNEC)     - 100.00   297 HAM PNECLIB-005672 04/18/2015 100.00   Book
          Pakistan Navy Engineering College (PNEC) Pakistan Navy Engineering College (PNEC)       100.00   297 HAM PNECLIB-005674 04/18/2015 100.00   Book
          Pakistan Navy Engineering College (PNEC) Pakistan Navy Engineering College (PNEC)     - 100.00   297 HAM PNECLIB-005675 04/18/2015 100.00   Book
          Pakistan Navy Engineering College (PNEC) Pakistan Navy Engineering College (PNEC)     - 100.00   297 HAM PNECLIB-005679 04/18/2015 100.00   Book
          Pakistan Navy Engineering College (PNEC) Pakistan Navy Engineering College (PNEC)       100.00   297 HAM PNECLIB-005681 04/18/2015 100.00   Book
          Pakistan Navy Engineering College (PNEC) Pakistan Navy Engineering College (PNEC)       100.00   297 HAM PNECLIB-005683 04/18/2015 100.00   Book
          Pakistan Navy Engineering College (PNEC) Pakistan Navy Engineering College (PNEC)     - 100.00   297 HAM PNECLIB-005685 04/18/2015 100.00   Book
          Pakistan Navy Engineering College (PNEC) Pakistan Navy Engineering College (PNEC)     - 100.00   297 HAM PNECLIB-005690 04/18/2015 100.00   Book
          Pakistan Navy Engineering College (PNEC) Pakistan Navy Engineering College (PNEC)     - 100.00   297 HAM PNECLIB-005535 04/18/2015 100.00   Book
          Pakistan Navy Engineering College (PNEC) Pakistan Navy Engineering College (PNEC)     - 100.00   297 HAM PNECLIB-005537 04/18/2015 100.00   Book
          Pakistan Navy Engineering College (PNEC) Pakistan Navy Engineering College (PNEC)     -     297 HAM PNECLIB-005692 05/07/2015     Book
© 2023 Central Library, National University of Sciences and Technology. All Rights Reserved.